Outline of fourier analysis: including problems with step -by-step solutions

Gespeichert in:
Bibliographische Detailangaben
1. Verfasser: Hsu, Hwei Piao
Format: Buch
Veröffentlicht: New York, New York : Simon and Schuster 1967
Tags: Tag hinzufügen
Keine Tags, Fügen Sie den ersten Tag hinzu!

MARC

LEADER 00000nam a2200000Ia 4500
003 000223
005 20221231143942.0
008 140114s1967 nyua 000 ||s d
040 |c cru CEDI 
082 |a 517.355 H873o 
100 |a Hsu, Hwei Piao  |9 18097 
245 |a Outline of fourier analysis: including problems with step -by-step solutions  
260 |a  New York, New York : Simon and Schuster  |c 1967 
300 |a 344 hojas ; ilustraciones  
942 |2 ddc  |c BK 
999 |c 14702  |d 14702